<?xml version="1.0" encoding="UTF-8"?><?xml-stylesheet type="text/xsl" href="static/style.xsl"?><OAI-PMH xmlns="http://www.openarchives.org/OAI/2.0/" xmlns:xsi="http://www.w3.org/2001/XMLSchema-instance" xsi:schemaLocation="http://www.openarchives.org/OAI/2.0/ http://www.openarchives.org/OAI/2.0/OAI-PMH.xsd"><responseDate>2026-04-13T01:29:19Z</responseDate><request verb="GetRecord" identifier="oai:www.recercat.cat:10256/16447" metadataPrefix="marc">https://recercat.cat/oai/request</request><GetRecord><record><header><identifier>oai:recercat.cat:10256/16447</identifier><datestamp>2024-06-14T09:49:11Z</datestamp><setSpec>com_2072_452955</setSpec><setSpec>com_2072_2054</setSpec><setSpec>col_2072_453065</setSpec></header><metadata><record xmlns="http://www.loc.gov/MARC21/slim" xmlns:dcterms="http://purl.org/dc/terms/" xmlns:xsi="http://www.w3.org/2001/XMLSchema-instance" xmlns:doc="http://www.lyncode.com/xoai" xsi:schemaLocation="http://www.loc.gov/MARC21/slim http://www.loc.gov/standards/marcxml/schema/MARC21slim.xsd">
   <leader>00925njm 22002777a 4500</leader>
   <datafield ind2=" " ind1=" " tag="042">
      <subfield code="a">dc</subfield>
   </datafield>
   <datafield ind2=" " ind1=" " tag="720">
      <subfield code="a">Olesti i Vila, Josep</subfield>
      <subfield code="e">author</subfield>
   </datafield>
   <datafield ind2=" " ind1=" " tag="260">
      <subfield code="c">2018-01-01</subfield>
   </datafield>
   <datafield ind2=" " ind1=" " tag="520">
      <subfield code="a">This article addresses the topic of&#xd;
death and immortality in Leibniz and Diderot.&#xd;
The plaisanterie by Diderot that perception&#xd;
continues after death (based on considering&#xd;
sensitivity a general property of matter) is compared&#xd;
to Leibniz’ position regarding monad&#xd;
incessancy. This will lead to an analysis of&#xd;
Leibniz’ reasons to defend not only the incessancy,&#xd;
but even the immortality of certain&#xd;
monads (the spirits)</subfield>
   </datafield>
   <datafield ind2=" " ind1=" " tag="520">
      <subfield code="a">El artículo aborda la cuestión de la&#xd;
muerte y la inmortalidad en Leibniz y en Diderot.&#xd;
Expone la plaisanterie diderotiana de una&#xd;
continuidad de la percepción tras la muerte (resultado&#xd;
de sostener que la sensibilidad es una&#xd;
propiedad general de la materia), la compara con&#xd;
la posición leibniziana de la perdurabilidad de&#xd;
las mónadas y analiza las razones que llevan a&#xd;
Leibniz a defender que, además de dicha perdurabilidad,&#xd;
ciertas mónadas (los espíritus) gozan&#xd;
también de inmortalidad</subfield>
   </datafield>
   <datafield ind1="8" ind2=" " tag="024">
      <subfield code="a">http://hdl.handle.net/10256/16447</subfield>
   </datafield>
   <datafield tag="653" ind2=" " ind1=" ">
      <subfield code="a">Leibniz, Gottfried Wilhelm, Freiherr von, 1646-1716</subfield>
   </datafield>
   <datafield tag="653" ind2=" " ind1=" ">
      <subfield code="a">Diderot, Denis, 1713-1784</subfield>
   </datafield>
   <datafield tag="653" ind2=" " ind1=" ">
      <subfield code="a">Immortalitat (Filosofia)</subfield>
   </datafield>
   <datafield tag="653" ind2=" " ind1=" ">
      <subfield code="a">Immortality (Philosophy)</subfield>
   </datafield>
   <datafield tag="653" ind2=" " ind1=" ">
      <subfield code="a">Mort</subfield>
   </datafield>
   <datafield tag="653" ind2=" " ind1=" ">
      <subfield code="a">Death</subfield>
   </datafield>
   <datafield ind2="0" ind1="0" tag="245">
      <subfield code="a">Morir, dormir, tal vez soñar... Sobre un eco leibniziano en Diderot = To die, to sleep, perchance to dream... on a leibnizian echo in diderot</subfield>
   </datafield>
</record></metadata></record></GetRecord></OAI-PMH>